Geography Humor II Quiz Stats

 Plays Quiz Updated Jan 21, 2018

Score 0/18 Timer 07:00
10 Plays Today
% Correct
Because they're always Russian.
96.1%
Mr Sippi.
95.9%
Havana good time.
95.6%
but I can Samurais it for you.
95.5%
are the wurst.
95.4%
It can get pretty Chile.
95.3%
are high koala-ty.
95.1%
but it does have a Liverpool.
94.8%
You could get kilt that way.
94.3%
% Correct
because they have French horns.
94.3%
She was looking for a Czech mate.
94.2%
are leanient.
93.3%
It Israeli fun.
93.3%
are in Seine.
92.4%
No I'll take it Togo.
92.2%
but Iran out of ideas.
89.6%
Well, the flag is a big plus.
87.8%
They really hate Toulouse.
83.9%

You're not logged in!

Compare scores with friends on all Sporcle quizzes.
OR
Log In

You Might Also Like...

Show Comments

Extras

Top Quizzes Today


Score Distribution

Your Account Isn't Verified!

In order to create a playlist on Sporcle, you need to verify the email address you used during registration. Go to your Sporcle Settings to finish the process.

Report this User

Report this user for behavior that violates our Community Guidelines.

Details: